| 000 | 01964nam a2200361 i 4500 | ||
|---|---|---|---|
| 001 | 190622 | ||
| 003 | ES-MaACL | ||
| 005 | 20250927113259.0 | ||
| 008 | 220223s2019 sp a 011 0bspa | ||
| 020 | _a978-84-948808-4-1 | ||
| 080 | _a929 Tierno Galván, Enrique | ||
| 245 | 0 | 0 |
_aTierno Galván : _bel mejor alcalde de Madrid / _cJ. Nicolás Ferrando (editor) ; [participan Eduardo Huertas, José Luis Pedreira Massa, José Manuel Franco, Emilio García Horcajo, Juan Barranco ... [et al.]. |
| 250 | _a1ª ed. | ||
| 260 |
_aMadrid : _bAsociación Académica de Estudios sobre Arte, Historia y Tradiciones de Madrid : _bJ. Nicolás Ferrando, _c2019. |
||
| 300 |
_a159 p. : _bil. ; _c24 cm. |
||
| 504 | _aBibliografía: p. 150-151. | ||
| 505 | 8 | _aContiene: Breve biografía de Enrique Tierno Galván . Última entrevista a Tierno Galván . Bandos publicados durante la alcaldía del profesor Tierno Galván en Madrid (1979-1986) . Bando inacabado de Tierno Galván y últimas palabras de Fernando Lázaro Carreter . Comunicado oficial de la muerte de Tierno Galván . Artículo póstumo de Tierno: La cultura como diálogo | |
| 600 | 1 | 4 |
_aTierno Galván, Enrique, _d1918-1986- _vHomenajes _9173684 |
| 700 | 1 |
_aFerrando, J. Nicolás, _d1981- _9174198 |
|
| 700 | 1 |
_aTierno Galván, Enrique, _d1918-1986 _9110235 |
|
| 700 | 1 |
_aHuertas Vázquez, Eduardo _964577 |
|
| 700 | 1 |
_aPedreira Massa, José Luis, _d1951- _9234995 |
|
| 700 | 1 |
_aFranco Pardo, José Manuel, _d-1957 _9173976 |
|
| 700 | 1 |
_aGarcía Horcajo, Emilio. _9174199 |
|
| 700 | 1 |
_aBarranco Gallardo, Juan Antonio, _d1947- _9174200 |
|
| 700 | 1 |
_aLázaro Carreter, Fernando, _d1923-2004 _970798 |
|
| 740 | 3 | 2 | _aLa cultura como diálogo. |
| 852 | 4 |
_aES-MaACL _jA-14885 _9197801 _bR.152745 _cDEPO1 _dOlim: N-7885 _hDonación: Eduardo Huertas |
|
| 903 |
_aHuertas Vázquez, Eduardo _ednr _964577 |
||
| 942 |
_2udc _cMONOGRAFIA |
||
| 999 |
_c190622 _d190622 |
||